000
00208nam a2200109Ia 4500
100
_a
#N/A
942
_c
BK
654
_a
rf circuit design
245
_a
RF Circuit Design
260
_b
#N/A
546
_a
ENGLISH
999
_c
28966
_d
28966